00000000cam 2200000zi 4500
0019.956397
003CaOODSP
00520251215124523
006m     o  d f      
007cr |n|||||||||
008251016e202511  oncbd   ob   f000 0 eng d
020 |a9780660793733
040 |aCaOODSP|beng|erda|cCaOODSP
043 |an-cn---
0861 |aFs70-5/2025-073E-PDF
1001 |aMatthews, Cory J. D., |eauthor.
24510|aAbundance and potential biological removal (PBR) estimates for Canada's High Arctic Atlantic walrus (Odobenus rosmarus rosmarus) management stocks, summer 2022 / |cC.J.D. Matthews, S.-T. Zhao, B.A.H. Sherbo, B.A. Biddlecombe, M. Ghazal, and C.A. Hornby.
264 1|aOttawa : |bCanadian Science Advisory Secretariat (CSAS), |cNovember 2025.
264 4|c©2025
300 |a1 online resource (iv, 24 pages) : |bmaps, graphs.
336 |atext|btxt|2rdacontent
337 |acomputer|bc|2rdamedia
338 |aonline resource|bcr|2rdacarrier
4901 |aResearch document, |x1919-5044 ; |v2025/073
500 |aIssued also in French under title: Estimations de l'abondance et du prélèvement biologique potentiel (PBP) pour les stocks de gestion du morse de l'Atlantique (Odobenus rosmarus rosmarus) dans le Haut-Arctique du Canada - été 2022.
504 |aIncludes bibliographical references (pages 20-22).
650 0|aWalrus|zArctic regions.
650 0|aMarine mammal populations|xEstimates|zArctic regions.
650 0|aWalrus hunting|zArctic regions|xManagement.
7101 |aCanada. |bDepartment of Fisheries and Oceans. |bArctic Region, |eissuing body.
7102 |aCanadian Science Advisory Secretariat, |eissuing body.
77508|tEstimations de l'abondance et du prélèvement biologique potentiel (PBP) pour les stocks de gestion du morse de l'Atlantique (Odobenus rosmarus rosmarus) dans le Haut-Arctique du Canada - été 2022 / |w(CaOODSP)9.956398
830#0|aResearch document (Canadian Science Advisory Secretariat)|v2025/073.|w(CaOODSP)9.507396
85640|qPDF|s2.08 MB|uhttps://publications.gc.ca/collections/collection_2025/mpo-dfo/fs70-5/Fs70-5-2025-073-eng.pdf